NLSUI OPAC header image

Basic documents in International law (Record no. 39420)

MARC details
000 -LEADER
fixed length control field 01162nam a2200229Ia 4500
003 - CONTROL NUMBER IDENTIFIER
control field OSt
005 - DATE AND TIME OF LATEST TRANSACTION
control field 20201020230811.0
008 - FIXED-LENGTH DATA ELEMENTS--GENERAL INFORMATION
fixed length control field 160316s2003 xxu||||| |||| 00| 0 eng d
020 ## - INTERNATIONAL STANDARD BOOK NUMBER
International Standard Book Number 9780199279838
040 ## - CATALOGING SOURCE
Transcribing agency NLS
082 ## - DEWEY DECIMAL CLASSIFICATION NUMBER
Classification number 341.000000
Item number BRO
100 ## - MAIN ENTRY--PERSONAL NAME
Personal name Brownlie Ian
245 ## - TITLE STATEMENT
Title Basic documents in International law
250 ## - EDITION STATEMENT
Edition statement 5th
260 ## - PUBLICATION, DISTRIBUTION, ETC.
Place of publication, distribution, etc. New Delhi
Name of publisher, distributor, etc. Oxford University Press
Date of publication, distribution, etc. 2003
300 ## - PHYSICAL DESCRIPTION
Extent 373p
365 ## - TRADE PRICE
Price amount Rs. 445
505 ## - FORMATTED CONTENTS NOTE
Formatted contents note Contents: PART 1: STANDARD-SETTING BY THE UNITED NATIONS ORGANIZATION; PART 2: IMPLEMENTATION AND STANDARD-SETTING IN CONVENTIONS BY THE UNITED NATIONS; PART 3: CONTRIBUTION OF THE INTERNATIONAL LABOUR ORGANIZATION; PART 4: CONTRIBUTION OF THE UNITED NATIONS EDUCATIONAL, SCIENTIFIC, AND CULTURAL ORGANIZATION; PART 5: EUROPE; 5.1 Council of Europe; 5.2 European Union; 5.3 Conference on Security and Co-operation in Europe (CSCE) / Organization for Security and Co-operation in Europe (OSCE); PART 6: AMERICAS; PART 7: AFRICA; PART 8: ARAB STATES; PART 9: THE CONCEPT OF EQUALITY; PART 10: HUMAN RIGHTS AND THE HUMAN GENOME
650 ## - SUBJECT ADDED ENTRY--TOPICAL TERM
Topical term or geographic name entry element 1.International Law
700 ## - ADDED ENTRY--PERSONAL NAME
Personal name
--
942 ## - ADDED ENTRY ELEMENTS (KOHA)
Source of classification or shelving scheme Dewey Decimal Classification
Koha item type BOOKs
Holdings
Withdrawn status Lost status Damaged status Not for loan Home library Current library Shelving location Date acquired Cost, normal purchase price Total Checkouts Full call number Barcode Date last seen Price effective from Koha item type
        . . Library Compactors 30.05.2017 445.00   341 BRO 33383 30.05.2017 30.05.2017 BOOKs